MARC

LEADER 00000nam0a2200000 4500
001 235580
005 20231101231418.0
035 |a (RuTPU)RU\TPU\book\256718 
090 |a 235580 
100 |a 20130412d1988 k y0rusy50 ca 
101 0 |a rus 
102 |a RU 
105 |a a dm 001zy 
200 1 |a Сильноточные высоковольтные взрывные коммутаторы  |e автореферат диссертации на соискание ученой степени доктора технических наук  |e Спец. : 01.04.13 - Электрофизика  |f В. Л. Корольков  |g Академия наук СССР (АН СССР), Сибирское отделение (СО), Институт сильноточной электроники (ИСЭ) 
210 |a Томск  |d 1988 
215 |a 41 с.  |c ил. 
320 |a Библиогр.: с. 39-41. 
606 1 |a Коммутаторы многоканальные  |2 stltpush  |3 (RuTPU)RU\TPU\subj\14948  |9 41268 
610 1 |a авторефераты диссертаций 
610 1 |a сильноточные коммутаторы 
610 1 |a характеристики 
610 1 |a коммутационные аппараты 
610 1 |a коммутация 
610 1 |a электрическая дуга 
610 1 |a электрическая прочность 
610 1 |a конструирование 
610 1 |a электрические цепи 
610 1 |a электрооборудование 
610 1 |a промышленные сети 
675 |a 621.316.54(04)  |v 3 
700 1 |a Корольков  |b В. Л.  |c российский ученый  |c доктор технических наук, Заслуженный изобретатель России  |c профессор Томского государственного архитектурно-строительного университета  |f 1938-  |g Валерий Леонидович  |2 stltpush  |3 (RuTPU)RU\TPU\pers\19826 
712 0 2 |a Академия наук СССР (АН СССР)  |b Сибирское отделение (СО)  |b Институт сильноточной электроники (ИСЭ)  |c (Томск)  |2 stltpush  |3 (RuTPU)RU\TPU\col\11436 
801 1 |a RU  |b 63413507  |c 20130412 
801 2 |a RU  |b 63413507  |c 20130517  |g RCR 
942 |c BK